| 000 | 00557nam a2200169 a 4500 | ||
|---|---|---|---|
| 005 | 20240924070653.0 | ||
| 008 | 991125s1974 bue 000 0 spa u | ||
| 035 | _aUPN01000006034 | ||
| 049 | _aCG | ||
| 050 | 4 |
_aD20 _aW4.28 |
|
| 100 | 1 |
_aWells, Herbert George, _d1866-1946 _929468 |
|
| 245 | 1 | 0 |
_aBreve historia del mundo / _cH. G. Well ; rev. y actualizado por Raymond Postgate y G. P. Wells ; tr. Mario Arnaldo Marino. |
| 260 |
_aBuenos Aires : _bSiglo Veinte, _c1974. |
||
| 300 |
_a317 p. : _bmapas. |
||
| 650 | 4 |
_aHistoria universal _95508 |
|
| 905 | _aLibro | ||
| 999 |
_c6034 _d6034 |
||